000 00291nam a22001097a 4500
082 _a530 COM'E
100 _aENERCON
_979497
245 _aCOMBUSTION ANALYZERS AND COMBUSTION CONTROL SYS TEMS ,A SELECTION GUIDE
260 _aISLAMABAD
_bENERCON
_c1988
300 _a20P
942 _cBK
999 _c584536
_d584536